00305nam a2200121Ia 45000030006000000080041000060400015000471000022000622450041000842600029001255460012001540050017001660STCL150530s9999 xx 000 0 und d aSTCLcSTCL aRamanujan, C.G.K. aIndian gymnosperms in time and space bToday and Tomarrowc1976 aEnglish20220125170412.0